| 000 | 00372nam a22001457a 4500 | ||
|---|---|---|---|
| 999 |
_c524201 _d524201 |
||
| 020 | _a9787119084183 | ||
| 040 | _cNUST | ||
| 082 |
_a495.1802 _bJIA |
||
| 100 |
_aJianwen Wei _915017 |
||
| 245 | _aTransformation and promotion ; Interpreting china urbanization | ||
| 260 |
_bForeign languange press _c2014 |
||
| 300 | _aill,235,p.: | ||
| 500 | _aP.B | ||
| 942 |
_2ddc _cBK |
||